000 00743na a2200241 4500
001 24507
003 MIRAKIL
005 20181226104234.0
008 181126b tu 000 0
020 _a9757748064
041 _atur
082 _a340.11
_bA22 1994
090 _a340.11 A22 1994
245 _aAdalet kavramı
_ceditör Adnan Güriz
260 _aAnkara
_bTürkiye Felsefe Kurumu
_c1994
300 _a131 s.
_c24 sm.
500 _aKitapta, Türkiye Felsefe Kurumu ile Alman Kültür Merkezi'nin düzenlediği "Adalet Kavramı Semineri"nde sunulan tebliğlere yer verilmiştir
504 _aKaynakça var.
650 _aAdalet
_xTürkiye
700 _aGüriz, Adnan
942 _2ddc
_cBKS
040 _aMilas
_btur
_cTR-AnCHP
999 _c11794
_d11794